Statistics for U.S. or European States by Population

Click here to take the quiz!

General Stats

  • This quiz has been taken 58 times
  • The average score is 11 of 19

Answer Stats

HintAnswer% Correct
39.4 milCalifornia
98%
19.3 milNew York
92%
29.4 milTexas
91%
13.1 milBavaria
81%
21.7 milFlorida
81%
12.6 milIllinois
81%
56.3 milEngland
75%
10.6 milNorth Carolina
70%
10.7 milGeorgia
68%
11.7 milOhio
66%
12.8 milPennsylvania
64%
12.2 milÎle-de-France
57%
10.1 milLombardy
49%
17.9 milNorth Rhine-Westphalia
43%
11.1 milBaden-Württemberg
38%
39.4 milCentral Russia
4%
14.0 milNorthwestern Russia
2%
14.1 milSouthern Federal District
2%
29.3 milVolga
2%

Score Distribution

Percentile by Number Answered

Percent of People with Each Score

Your Score History

You have not taken this quiz